<?xml version="1.0" encoding="utf-8"?>
<?xml-stylesheet type='text/xsl' href='./oai2.xsl'?>
<OAI-PMH xmlns="http://www.openarchives.org/OAI/2.0/" xmlns:xsi="http://www.w3.org/2001/XMLSchema-instance" xsi:schemaLocation="http://www.openarchives.org/OAI/2.0/ http://www.openarchives.org/OAI/2.0/OAI-PMH.xsd">
  <responseDate>2026-04-29T18:12:19Z</responseDate>
  <request verb="GetRecord" metadataPrefix="marcxml" identifier="record_kuniweb_2662560">https://kulturerbe.niedersachsen.de/oai</request>
  <GetRecord>
    <record>
      <header>
        <identifier>record_kuniweb_2662560</identifier>
        <datestamp>2026-03-31T19:09:18Z</datestamp>
        <setSpec>slg0175</setSpec>
      </header>
      <metadata>
        <marc:record xmlns:marc="http://www.loc.gov/MARC21/slim" xsi:schemaLocation="http://www.loc.gov/MARC21/slim http://www.loc.gov/standards/marcxml/schema/MARC21slim.xsd">
          <marc:leader>12345nkm  22     uu 4500</marc:leader>
          <marc:controlfield tag="001">2662560</marc:controlfield>
          <marc:controlfield tag="003">http://kuniweb.gbv.de</marc:controlfield>
          <marc:controlfield tag="005">2025-04-25T11:49:16</marc:controlfield>
          <marc:controlfield tag="008">|           ||||||||||||||||||||||</marc:controlfield>
          <marc:datafield tag="245" ind1="1" ind2="0">
            <marc:subfield code="a">Richard Deye</marc:subfield>
          </marc:datafield>
          <marc:datafield tag="700" ind1="1" ind2=" ">
            <marc:subfield code="a">Ad. Rudhart</marc:subfield>
            <marc:subfield code="e">FotografIn</marc:subfield>
          </marc:datafield>
          <marc:datafield tag="655" ind1=" " ind2="7">
            <marc:subfield code="a">Fotografie</marc:subfield>
          </marc:datafield>
          <marc:datafield tag="046" ind1=" " ind2=" ">
            <marc:subfield code="k">1890</marc:subfield>
            <marc:subfield code="k">ca. 1890 (datierte Widmung an HA von Richard Deye auf dem Untersatzkarton (verso - "März 1890"))</marc:subfield>
          </marc:datafield>
          <marc:datafield tag="260" ind1=" " ind2=" ">
            <marc:subfield code="g">1890</marc:subfield>
            <marc:subfield code="g">ca. 1890 (datierte Widmung an HA von Richard Deye auf dem Untersatzkarton (verso - "März 1890"))</marc:subfield>
          </marc:datafield>
          <marc:datafield tag="300" ind1=" " ind2=" ">
            <marc:subfield code="a">Höhe: 91 mm (Fotografie)
Breite: 56 mm (Fotografie)
Höhe: 104 mm (Untersatzkarton)
Breite: 64 mm (Untersatzkarton)</marc:subfield>
          </marc:datafield>
          <marc:datafield tag="520" ind1=" " ind2=" ">
            <marc:subfield code="a">kleinformatige Fotografie des Schriftstellers Richard Deye im Visitformat von Adolf Rudhart, München, Widmung von Deye an HA verso datiert auf März 1890. Kontakt von Allmers und Deye über die 1888 gegründete landsmännischen Vereinigung "Nordwest", die in München "allerlei Ostfriesen, Oldenburger, Bremer und Hannoveraner" wöchentlich zusammenführt, darunter auch der aus Jever stammende Professor Richard Deye (T. Mahler 04/2025)

Aufschrift:
"R. Deye Seinem hochverehrten/ fries. Landsmann ud Gönner/ Hermann Allmers/ München im März 1890" verso o. mittig (Widmung an HA von der Hand Richard Deyes in schwarzer Tinte auf dem Untersatzkarton (verso))

Aufdruck:
"Ad. Rudhart" u. li. "München." u. re. "Ad. Rudhart/ Photographische Anstalt./ München./ 18 Landwehrstr. 18./ Vergrösserungen werden nach jedem Bilde gemacht./ Die Platten bleiben aufbewahrt." verso (Druck des Fotografen und Verlags auf dem Untersatzkarton)

Literatur in Zusammenhang:
H. Allmers, H. G. Steimer, und A. Behne, „Briefwechsel mit Freunden in der Ferne 1880-1901“, Briefwechsel, Bd. 3, Teilband 2. Edition Temmen, Bremen, 2019. (Vgl. S. 604)</marc:subfield>
          </marc:datafield>
          <marc:datafield tag="650" ind1="1" ind2=" ">
            <marc:subfield code="a">Grafik, Fotografie &gt; Fotografie &gt; Fotoabzug</marc:subfield>
          </marc:datafield>
          <marc:datafield tag="773" ind1="0" ind2=" ">
            <marc:subfield code="t">Sammlung und Nachlass Hermann Allmers</marc:subfield>
          </marc:datafield>
          <marc:datafield tag="852" ind1=" " ind2=" ">
            <marc:subfield code="a">Archiv des Landkreises Cuxhaven</marc:subfield>
          </marc:datafield>
          <marc:datafield tag="852" ind1=" " ind2=" ">
            <marc:subfield code="a">München</marc:subfield>
          </marc:datafield>
          <marc:datafield tag="" ind1=" " ind2=" ">
            <marc:subfield code="a">Sammlung und Nachlass Hermann Allmers sind Eigentum der Hermann-Allmers-Gesellschaft e. V. und werden in zwei Teilen an zwei Standorten verwahrt:
Die (museale) Sammlung, bestehend aus Mobiliar und Hausgerät, Tafelgemälden, kleineren und größeren Antiken, Gipsabgüssen, kunsthandwerklichen Objekten aus Keramik und Glas und einer kleinen Bibliothek, befindet sich im Allmers-Haus in Rechtenfleth.
Der literarische, grafische und fotografische "Nachlass Hermann Allmers" hingegen ist im Archiv des Landkreises Cuxhaven in Otterndorf deponiert.</marc:subfield>
          </marc:datafield>
          <marc:datafield tag="" ind1=" " ind2=" ">
            <marc:subfield code="a">Namensnennung - Nicht kommerziell - Keine Bearbeitungen 4.0 International (CC BY-NC-ND 4.0)</marc:subfield>
          </marc:datafield>
        </marc:record>
      </metadata>
    </record>
  </GetRecord>
</OAI-PMH>
